000 00341nam a2200145Ia 4500
005 20251222175930.0
008 251222s9999||||xx |||||||||||||| ||spa||
020 _a8467205024
082 _a863.7/S24
100 _aSánchez Piñol, Albert
245 0 _aLa Piel Fría
250 _a1ra.ed.
264 _bCírculo de Lectores
942 _cLIB
999 _c41008
_d41008